Central Library OPAC University of Rajshahi

Production management / (Record no. 75970)

MARC details
000 -LEADER
fixed length control field 00861nam a2200301 4500
001 - CONTROL NUMBER
control field 75970
003 - CONTROL NUMBER IDENTIFIER
rucl marc code BD-RjUL
005 - DATE AND TIME OF LATEST TRANSACTION
control field 20211209082754.0
008 - FIXED-LENGTH DATA ELEMENTS--GENERAL INFORMATION
fixed length control field 190925s1962 n a 001 0 eng d
035 ## - SYSTEM CONTROL NUMBER
System control number (BD-RjUL)76189
040 ## - CATALOGING SOURCE
Original cataloging agency BD-RjUL
Language of cataloging eng
Transcribing agency BD-RjUL
041 ## - LANGUAGE CODE
Language code of text/sound track or separate title eng
082 ## - DEWEY DECIMAL CLASSIFICATION NUMBER
Classification number 658.5
Edition number 23
Author mark and year MAP 1962
100 1# - MAIN ENTRY--PERSONAL NAME
Personal name Mayer, Raymond R
9 (RLIN) 233209
245 10 - TITLE STATEMENT
Title Production management /
Statement of responsibility, etc. Raymond R. Mayer
250 ## - EDITION STATEMENT
Edition statement International student edition
260 ## - PUBLICATION, DISTRIBUTION, ETC. (IMPRINT)
Place of publication, distribution, etc. New york :
Name of publisher, distributor, etc. Mcgraw-hill book,
Date of publication, distribution, etc. 1962
300 ## - PHYSICAL DESCRIPTION
Pagination xvi, 699 p. :
Illustrations ill. ;
Size 24 cm
500 ## - GENERAL NOTE
General note Includes index
504 ## - BIBLIOGRAPHY, ETC. NOTE
Bibliography, etc Includes bibliography
650 ## - SUBJECT ADDED ENTRY--TOPICAL TERM
Topical term or geographic name as entry element Factory management
9 (RLIN) 233210
Topical term or geographic name as entry element Production control
9 (RLIN) 233211
Topical term or geographic name as entry element Industrial organization
9 (RLIN) 233212
942 ## - ADDED ENTRY ELEMENTS (KOHA)
Source of classification or shelving scheme Dewey Decimal Classification
Koha item type Books
Holdings
Lost status Source of classification or shelving scheme Damaged status Not for loan Collection code Permanent Location Current Location Shelving location Date acquired Total Checkouts Full call number Date last seen Copy number Koha item type
  Dewey Decimal Classification   Not For Loan Non-fiction Central Library, University of Rajshahi Central Library, University of Rajshahi Reading Room 25/09/2019   658.5 MAP 1962 25/09/2019 C-1 Books
  Dewey Decimal Classification     Non-fiction Central Library, University of Rajshahi Central Library, University of Rajshahi   29/09/2019   658.5 MAP 1962 29/09/2019 C-2 Books
  Dewey Decimal Classification     Non-fiction Central Library, University of Rajshahi Central Library, University of Rajshahi   29/09/2019   658.5 MAP 1962 29/09/2019 C-3 Books